000 01613nam a2200385 i 4500
003 DO-SdBNP
005 20240904145143.0
007 ta
008 240829b2013 dr ac||| |||| 00| 0 spa d
020 _a9945014005
040 _aDO-BNPHU
_bspa
_cBNPHU
_erda
082 4 _a972.9305
_bF363c
_222
100 1 _aFernández, Arlette,
_eautor
_4aut.
_9620
245 1 0 _aCoronel Rafael Fernández Domínguez :
_bsoldado del pueblo y militar de la libertad /
_cArlette Fernández
250 _atercera edición
264 1 _aSanto Domingo, Republica Dominicana :
_bFundación Coronel Rafael Tomás Fernández Domínguez, Inc.,
_c2013.
300 _axxi, 442, xxv-xxxix páginas :
_bilustraciones, retratos ;
_c27 cm.
336 _2rdacontent
_atexto
_btxt
337 _2rdamedia
_asin mediación
_bn
338 _2rdacarrier
_avolumen
_bnc
500 _aIncluye referencias bibliográficas y notas al pie de las páginas
500 _aIncluye datos biográficos del autor en la solapa de la contracubierta
500 _aIncluye índice onomástico
504 _aBibliografía: p. xxv-xxvi
590 _aInventariado, 2024/BT
600 1 4 _a Fernández Domínguez, Rafael Tomás,
_d1934-1965.
_986467
650 4 _aSoldados
_zRepública Dominicana
_vBiografías
_986468
651 4 _aRepública Dominicana
_xHistoria
_ySiglo XX
_99490
700 1 _aCampos, Juan Carlos,
_ecorrector
_4corr.
_973889
700 1 _4tr.
_aPeña, Hinya de,
_etraductor
_986464
700 1 _aCarrión, Danielle,
_etraductor
_4tr.
_986465
700 1 _aFloripe Jiménez, Ana de,
_etraductor
_4tr.
_986466
910 _aBtavárez
942 _2ddc
_cLBS1
999 _c57582
_d57582